000 00927nam a2200241Ia 4500
003 OSt
005 20220923220435.0
006 a|||||r|||| 00| 0
007 ta
008 220922b |||||||| |||| 00| 0 hin d
024 _a186,667
037 _cTextual
040 _aARTS
_cARTS
_bhin
041 _2hin
_ahin
082 _aXv2.N47<-M50, 152N7
100 _aमट्टाचार्य, सब्यसाची
245 0 _aआधुनिक भारत का आर्थिक इतिहास (185 -1947), अनु माहेश्वर
246 _aĀdhunik bhārat kā ārthik itihās (1850-1947), anu0 māheshvara
260 _aनई दिल्ली
_b राजकमल प्रकाशन
_c1997
300 _a198 पृ.
_ccm.
942 _hXv2.N47<-M50, 152N7
_cTEXL
_2CC
999 _c339910
_d339910